|
|
|
|
| LEADER |
01885nam a2200529 a 4500 |
| 001 |
nkc20102115144 |
| 003 |
CZ PrNK |
| 005 |
20210615114858.0 |
| 007 |
ta |
| 008 |
100702s2010 xr a a f 000 0 cze |
| 015 |
|
|
|a cnb002115144
|
| 020 |
|
|
|a 978-80-00-02647-3
|q (kroužková vazba)
|
| 035 |
|
|
|a (OCoLC)664091958
|
| 040 |
|
|
|a BOA001
|b cze
|d ABA001
|
| 041 |
1 |
|
|a cze
|h ger
|
| 072 |
|
7 |
|a 006.95
|x Chronologie
|2 Konspekt
|9 6
|
| 072 |
|
7 |
|a 0/9-053.2
|x Literatura pro děti a mládež (naučná)
|2 Konspekt
|9 26
|
| 080 |
|
|
|a 006.924
|2 MRF
|
| 080 |
|
|
|a 006.92
|2 MRF
|
| 080 |
|
|
|a (0.062)
|2 MRF
|
| 080 |
|
|
|a (0.053.2)
|2 MRF
|
| 100 |
1 |
|
|a Weinhold, Angela,
|d 1955-
|7 mzk2005290061
|4 aut
|4 ill
|
| 245 |
1 |
0 |
|a Poznáváme hodiny a čas :
|b s cvičnými hodinami /
|c [text a ilustrace Angela Weinholdová ; z německého originálu ... přeložila Jana Kudělková]
|
| 250 |
|
|
|a 1. vyd.
|
| 260 |
|
|
|a Praha :
|b Albatros,
|c 2010
|
| 300 |
|
|
|a [16] s. :
|b barev. il. ;
|c 28 cm
|
| 490 |
1 |
|
|a Už vím proč?
|
| 500 |
|
|
|a Název z obálky
|
| 500 |
|
|
|a Kroužková vazba v pevných deskách
|
| 500 |
|
|
|a Kartonové listy s otevíracími okénky a průřezy
|
| 521 |
8 |
|
|a Určeno pro děti od 5 let
|
| 650 |
0 |
7 |
|a čas
|7 ph116842
|2 czenas
|
| 650 |
0 |
7 |
|a určování času
|7 ph136868
|2 czenas
|
| 650 |
0 |
9 |
|a time
|2 eczenas
|
| 650 |
0 |
9 |
|a time determination
|2 eczenas
|
| 655 |
|
7 |
|a populárně-naučné publikace
|7 fd131864
|2 czenas
|
| 655 |
|
7 |
|a publikace pro děti
|7 fd133156
|2 czenas
|
| 655 |
|
9 |
|a popular works
|2 eczenas
|
| 655 |
|
9 |
|a children's literature
|2 eczenas
|
| 765 |
0 |
|
|t Uhr und die Zeit
|9 Česky
|
| 830 |
|
0 |
|a Už vím proč? (Albatros)
|0 s
|
| 910 |
2 |
|
|a BOA001
|b M3-1245.980
|
| 928 |
9 |
|
|a Albatros Media
|
| 990 |
|
|
|a BK
|
| 995 |
|
|
|a 01
|
| 991 |
|
|
|b 201008
|c NOV
|e dn
|
| 996 |
6 |
|
|b 2610443603
|c M3-1245.980
|l MZK
|r Sklad / do 24 hodin
|n 3
|p p.v.
|w 001133172
|u 000010
|a 1
|e BOA001
|j MZK50
|s P
|